Die Kartei Quassowski. (Rekord nr 27722)
| 000 -Nagłówek | |
|---|---|
| fixed length control field | 01511nam a2200313 i 4500 |
| 001 - Nr kontrolny bibl., która utworzyła rek. | |
| control field | xx005921833 |
| 003 - Siglum bibl., której nr kontr. jest w 001 | |
| control field | NUKAT |
| 005 - Data i czas ostatniej operacji | |
| control field | 20260422145825.0 |
| 008 - Elementy pola stałej długości | |
| fixed length control field | 260422s1985 gw |001 0 ger c |
| 035 ## - Systemowy numer kontrolny | |
| systemowy numer kontrolny | (NUKAT)xx005921833 |
| 040 ## - Instytucja sporządzająca opis | |
| Instytucja, która sporządziła opis | OLSZT 008/bak |
| język katalgowania-trzyzn. kod | pol |
| zasady opisu | rda |
| Instytucja, która sporządziła rekord | OLSZT 008/bak |
| 100 1# - Hasło główne-nazwa osobowa | |
| Nazwa osobowa | Quassowski, Hans-Wolfgang |
| Daty biograficzne | (1890-1968). |
| rodzaj współpracy | Autor |
| 9 (RLIN) | 30750 |
| 245 14 - Tytuł właściwy i oznaczenie odpow. | |
| tytuł | Die Kartei Quassowski. |
| numer części/sekcji pracy | Buchstaben I, J / |
| dod. inf. ze s. tyt./ozn. odpow. | zusammengestellt von Paul Aberger und Marianne Legien ; Verein für Familienforschung in Ost- und Westpreussen e. V. |
| 260 ## - Adres wydawniczy | |
| miejsce wydania, dystrybucji itp. | Hamburg : |
| nazwa wydawcy, dystrybutora itp. | im Selbstverlag des Vereins, |
| data wydania, dystrybucji itp. | 1985. |
| 300 ## - Opis fizyczny | |
| objętość i/lub forma materiału | [2], VIII, [2], 189 stron ; |
| format | 21 cm. |
| 336 ## - Content Type | |
| Term | Tekst |
| Code | txt |
| Source | rdacontent |
| 337 ## - Media Type | |
| Term | Bez urządzenia pośredniczącego |
| Code | n |
| Source | rdamedia |
| 338 ## - Carrier Type | |
| Term | Wolumin |
| Code | nc |
| Source | rdacarrier |
| 490 1# - Tytuł serii i ks. wielotom.-nie do wysz. | |
| oznaczenie serii | Quellen, Materialien und Sammlungen zur Altpreußischen Familienforschung (QMS) ; |
| numer woluminu | Nr. 1 |
| 504 ## - Uwaga o bibliografii | |
| uwaga o bibliografii | Bibliografia na stronach V-VIII. Indeks. |
| 650 #7 - Hasło przedmiotowe-nazwa pospolita | |
| nazwa pospolita lub geogr. | Nazwy osobowe |
| określnik geograficzny | Prusy Wschodnie (prowincja) |
| określnik formy | spisy. |
| źródło hasła | kaba |
| 9 (RLIN) | 32429 |
| 650 #7 - Hasło przedmiotowe-nazwa pospolita | |
| nazwa pospolita lub geogr. | Nazwy osobowe |
| określnik geograficzny | Pomorze (region) |
| określnik formy | spisy. |
| źródło hasła | kaba |
| 9 (RLIN) | 32430 |
| 650 #7 - Hasło przedmiotowe-nazwa pospolita | |
| nazwa pospolita lub geogr. | Nazwy osobowe |
| określnik geograficzny | Śląsk (region) |
| określnik formy | spisy. |
| źródło hasła | kaba |
| 9 (RLIN) | 32431 |
| 700 1# - Hasło dodatkowe - nazwa osobowa | |
| nazwa osobowa | Aberger, Paul. |
| rodzaj współpracy | Opracowanie |
| 9 (RLIN) | 32432 |
| 700 1# - Hasło dodatkowe - nazwa osobowa | |
| nazwa osobowa | Legien, Marianne. |
| rodzaj współpracy | Opracowanie |
| 9 (RLIN) | 40403 |
| 710 2# - Hasło dodatkowe - nazwa ciała zbior. | |
| nazwa ciała zbior. lub nazwa geogr. | Verein für Familienforschung in Ost- und Westpreussen. |
| rodzaj współpracy | Instytucja sprawcza |
| -- | Wydawca |
| kod rodzaju współpracy | pbl |
| 9 (RLIN) | 431 |
| 830 #0 - Hasło dod. serii i op. ks. wielotom. -tyt | |
| tytuł | Quellen, Materialien und Sammlungen zur Altpreußischen Familienforschung |
| nukat | 0942-0177 |
| oznaczenie tomu | Nr. 1 |
| 9 (RLIN) | 15511 |
| 942 ## - ADDED ENTRY ELEMENTS (KOHA) | |
| Source of classification or shelving scheme | Dewey Decimal Classification |
| Koha item type | pozycje dostępne na miejscu |
| Status wycofania | Status zagubienia | Klasyfikacja | Status uszkodzenia | Blokada wypożyczeń | Kolekcja | Lokalizacja macierzysta | Lokalizacja bieżąca | Data nabycia | Numer akcesji | Źródło akcesji | Nr inwentarzowy | il. wypożyczeń | Sygnatura | Kod kreskowy | Date last seen | Cena wymiany | Price effective from | Typ egz. |
|---|---|---|---|---|---|---|---|---|---|---|---|---|---|---|---|---|---|---|
| Dewey Decimal Classification | nieuszkodzona | książka w magazynie | Biblioteka Instytutu Północnego w Olsztynie | Biblioteka Instytutu Północnego w Olsztynie | 16/04/2026 | K-7/2025 (prot.40) | kupno | 73946 | 73946 | IPWK24010 | 22/04/2026 | 35.00 | 22/04/2026 | pozycje dostępne na miejscu |